000 01064nam a22003017a 4500
001 4548
003 FISKH
005 20240916091256.0
008 240916b cb ||||| |||| 00| 0 eng d
020 _a067123438
040 _aFISKH
_beng
_cFISKH
_dFISKH
050 _aPZ7.C8344
082 _2813.54
100 _aCoville, Bruce
_d1950
245 _aThe skull of truth /
_cA Magic Shop Book Bruce Coville Illustrated by Gary A. Lippincott
250 _aFirst printing in 1999
260 _aNew York :
_bMinstrel Book,
_c1999.
300 _a196 pages :
_billustration ;
_c19 cm
505 _aP
520 _aCharlie, a sixth-grader with a compulsion to tell lies, acquires a mysterious skull that forces its owner to tell only the truth, causing some awkward moments before he understands its power.
521 8 _a700L
_bLexile
521 8 _aP
_bRaz-Plus
650 _2Children's
_aFriendship
_vMagic Shop Series
650 _2Science fiction
_aTruth
_vFantasy
700 _aA. Lippincott, Gary
_dIllustrator
942 _2ddc
_cBK
_n0
999 _c4548
_d4548